[Event "GER-chT U20"]
[Site "Arendsee"]
[Date "2008.12.30"]
[Round "7.4"]
[White "Senay, Baris"]
[Black "Colpe, Malte"]
[Result "0-1"]
[WhiteElo "1865"]
[BlackElo "2089"]
[PlyCount "42"]
[EventDate "2008.12.27"]
[EventType "team-swiss"]
[EventRounds "7"]
[EventCountry "GER"]
[SourceTitle "CBM 128 Extra"]
[Source "ChessBase"]
[SourceDate "2009.03.05"]
[SourceVersion "2"]
[SourceVersionDate "2009.03.25"]
[SourceQuality "1"]
[WhiteTeam "Koeln Porz"]
[BlackTeam "Hamburger SK"]
[WhiteTeamCountry "GER"]
[BlackTeamCountry "GER"]

1. Nf3 d5 2. c4 c6 3. d4 Nf6 4. g3 e6 5. Bg2 dxc4 6. Ne5 c5 7. Qa4+ Nbd7 8. Qxc4 cxd4 9. Qxd4 Qa5+ 10. Nc3 Qxe5 11. Qxe5 Nxe5 12. Nb5 Bb4+ 13. Kf1 0-0 14. Bf4 Ng6 15. Be3 Bd7 16. Nxa7 Nd5 17. Bxd5 exd5 18. a3 Bd6 19. Rd1 Ne7 20. b4 Bb8 21. Bc5 Re8 0-1

[Event "GER-chT U20"]
[Site "Arendsee"]
[Date "2008.12.28"]
[Round "4.4"]
[White "Richter, Dustin"]
[Black "Senay, Baris"]
[Result "1-0"]
[WhiteElo "1927"]
[BlackElo "1865"]
[PlyCount "55"]
[EventDate "2008.12.27"]
[EventType "team-swiss"]
[EventRounds "7"]
[EventCountry "GER"]
[SourceTitle "CBM 128 Extra"]
[Source "ChessBase"]
[SourceDate "2009.03.05"]
[SourceVersion "2"]
[SourceVersionDate "2009.03.25"]
[SourceQuality "1"]
[WhiteTeam "Sangerhausen"]
[BlackTeam "Koeln Porz"]
[WhiteTeamCountry "GER"]
[BlackTeamCountry "GER"]

1. e4 c5 2. Nf3 e6 3. d4 cxd4 4. Nxd4 Nf6 5. Nc3 d6 6. Be2 a6 7. 0-0 Be7 8. Be3 Qc7 9. f4 b5 10. Bf3 Bb7 11. f5 e5 12. Nb3 Nbd7 13. g4 b4 14. Nd5 Bxd5 15. exd5 e4 16. Bg2 Qc4 17. Nd2 Qb5 18. Nxe4 Nb6 19. Nxf6+ Bxf6 20. Bd4 Bxd4+ 21. Qxd4 Qc5 22. Qxc5 dxc5 23. Rae1+ Kd7 24. f6 Rhe8 25. Rxe8 Rxe8 26. fxg7 Rg8 27. Rxf7+ Kd6 28. Be4 1-0

[Event "GER-chT U20"]
[Site "Berlin"]
[Date "2005.12.30"]
[Round "7.4"]
[White "Senay, Baris"]
[Black "Wendling, Hannes"]
[Result "1/2-1/2"]
[WhiteElo "1852"]
[BlackElo "2088"]
[PlyCount "84"]
[EventDate "2005.12.27"]
[EventType "team-swiss"]
[EventRounds "7"]
[EventCountry "GER"]
[SourceTitle "EXT 2022"]
[Source "ChessBase"]
[SourceDate "2021.10.06"]
[SourceVersion "1"]
[SourceVersionDate "2021.10.06"]
[SourceQuality "1"]
[WhiteTeam "Porz SG U20"]
[BlackTeam "Sangerhausen U20"]
[WhiteTeamCountry "GER"]
[BlackTeamCountry "GER"]

1. d4 d5 2. c4 c6 3. Nf3 Nf6 4. Qb3 Nbd7 5. g3 Qb6 6. Qxb6 Nxb6 7. cxd5 cxd5 8. Bg2 Bf5 9. Nh4 Be4 10. 0-0 e6 11. Bxe4 Nxe4 12. f3 Nd6 13. Bf4 Rc8 14. Nc3 a6 15. Rac1 Rc6 16. e4 Kd7 17. Ng2 dxe4 18. fxe4 f6 19. Ne3 Ndc4 20. b3 Nxe3 21. Bxe3 Bb4 22. Ne2 Rhc8 23. Rxc6 Rxc6 24. Rc1 Rxc1+ 25. Nxc1 Kc6 26. Nd3 Be7 27. Nf4 e5 28. d5+ Kb5 29. Bxb6 Kxb6 30. Nd3 a5 31. Kf2 a4 32. Kf3 axb3 33. axb3 g6 34. g4 g5 35. Ke3 Kb5 36. Kd2 Bd6 37. Kc3 Be7 38. Kb2 Bd6 39. Kc2 Be7 40. Kc3 Bd6 41. Kb2 Be7 42. Ne1 Bc5 1/2-1/2

[Event "GER-chT U20"]
[Site "Berlin"]
[Date "2005.12.27"]
[Round "2.4"]
[White "Senay, Baris"]
[Black "Albers, Damian"]
[Result "0-1"]
[WhiteElo "1852"]
[BlackElo "1974"]
[PlyCount "82"]
[EventDate "2005.12.27"]
[EventType "team-swiss"]
[EventRounds "7"]
[EventCountry "GER"]
[SourceTitle "EXT 2022"]
[Source "ChessBase"]
[SourceDate "2021.10.06"]
[SourceVersion "1"]
[SourceVersionDate "2021.10.06"]
[SourceQuality "1"]
[WhiteTeam "Porz SG U20"]
[BlackTeam "Koeln Muelheim U20"]
[WhiteTeamCountry "GER"]
[BlackTeamCountry "GER"]

1. c4 e5 2. Nc3 Nf6 3. g3 c6 4. Bg2 d5 5. cxd5 cxd5 6. d3 Be6 7. Bg5 Qa5 8. Bd2 Qb6 9. e3 Nc6 10. a3 Be7 11. Nge2 0-0 12. b4 d4 13. Na4 Qb5 14. Nb2 a5 15. a4 Qb6 16. b5 dxe3 17. Bxe3 Bb4+ 18. Kf1 Nd4 19. Nc4 Bxc4 20. dxc4 Rad8 21. Bxd4 exd4 22. Nf4 d3 23. Nd5 Nxd5 24. Bxd5 Qd4 25. Kg2 Rde8 26. Qf3 b6 27. Rhd1 d2 28. Rab1 Re7 29. h3 Kh8 30. Qf4 Qc3 31. Qf3 Qc2 32. Qb3 Qxb3 33. Rxb3 Re1 34. Rbb1 f5 35. f4 Rfe8 36. Bf3 Kg8 37. g4 g6 38. gxf5 gxf5 39. Ra1 Kf8 40. Kf2 R8e3 41. Ra2 Rxf3+ 0-1

[Event "NRW U18 op"]
[Site "Olpe"]
[Date "2005.10.02"]
[Round "4.18"]
[White "Senay, Baris"]
[Black "Tunc, Helin"]
[Result "1-0"]
[WhiteElo "1704"]
[BlackElo "1210"]
[PlyCount "53"]
[EventDate "2005.10.01"]
[EventType "swiss"]
[EventRounds "7"]
[EventCountry "GER"]
[SourceTitle "CBM 108 Extra"]
[Source "ChessBase"]
[SourceDate "2005.11.04"]
[SourceVersion "1"]
[SourceVersionDate "2005.11.04"]
[SourceQuality "1"]

1. e4 e5 2. Nf3 Nf6 3. Bc4 Bc5 4. d3 d6 5. Nc3 Be6 6. Bb3 Nc6 7. h3 Qd7 8. Ba4 0-0-0 9. Bg5 h6 10. Bxf6 gxf6 11. Nd5 f5 12. b4 Bb6 13. Bxc6 bxc6 14. Nc3 Rdg8 15. Kf1 f4 16. Ne2 Rg7 17. Neg1 Rhg8 18. Ne1 Bd4 19. Rb1 Bc3 20. Qf3 Bxe1 21. Rxe1 Rxg2 22. Ne2 Bxh3 23. Qxh3 Qxh3 24. Rxh3 R2g6 25. Rh1 Kd7 26. Ng1 h5 27. Nf3 1-0

[Event "NRW-ch U16"]
[Site "Kranenburg"]
[Date "2005.03.29"]
[Round "2"]
[White "Senay, Baris"]
[Black "Pilat, Daniel"]
[Result "1/2-1/2"]
[WhiteElo "1450"]
[BlackElo "2146"]
[PlyCount "81"]
[EventDate "2005.03.28"]
[EventType "swiss"]
[EventRounds "7"]
[EventCountry "GER"]
[SourceTitle "CBM 105 Extra"]
[Source "ChessBase"]
[SourceDate "2005.05.01"]
[SourceVersion "1"]
[SourceVersionDate "2005.05.01"]
[SourceQuality "1"]

1. c4 e6 2. Nc3 d5 3. cxd5 exd5 4. d4 Nf6 5. Nf3 Be7 6. Bg5 c6 7. Qc2 0-0 8. e3 h6 9. Bh4 Nh5 10. Bxe7 Qxe7 11. Be2 Nf6 12. 0-0 Be6 13. Rab1 a5 14. Ne5 Nbd7 15. Nxd7 Nxd7 16. Rfc1 Ra7 17. Na4 Re8 18. Bd3 Kf8 19. Qd2 Qb4 20. Qd1 Qd6 21. Nc5 Nxc5 22. Rxc5 b6 23. Rc3 c5 24. Bf1 c4 25. a4 Bf5 26. Rbc1 Bd7 27. b3 cxb3 28. Qxb3 Qb4 29. Qxb4+ axb4 30. Rb3 Rxa4 31. Rcb1 Rb8 32. Rxb4 Rxb4 33. Rxb4 Ke7 34. Bb5 Bxb5 35. Rxb5 Kd6 36. Kf1 Kc6 37. Rb2 Ra8 38. Ke2 Ra4 39. Kd3 f5 40. f3 Ra3+ 41. Kd2 1/2-1/2

[Event "GER-chT U16"]
[Site "Dittrichshuette"]
[Date "2004.12.30"]
[Round "6"]
[White "Senay, Baris"]
[Black "Haeusinger, Benjamin"]
[Result "1-0"]
[WhiteElo "1278"]
[BlackElo "1386"]
[PlyCount "75"]
[EventDate "2004.12.27"]
[EventType "team"]
[EventRounds "6"]
[EventCountry "GER"]
[SourceTitle "EXT 2006"]
[Source "ChessBase"]
[SourceDate "2005.11.24"]
[SourceVersion "1"]
[SourceVersionDate "2005.11.24"]
[SourceQuality "1"]

1. e4 c6 2. d4 d5 3. Nc3 dxe4 4. Nxe4 Bf5 5. Ng3 Bg6 6. h4 h5 7. N1e2 e5 8. dxe5 Qa5+ 9. c3 Nd7 10. e6 fxe6 11. Nf4 Bf7 12. Bc4 0-0-0 13. Qe2 Re8 14. Be3 Ngf6 15. 0-0-0 Nd5 16. Ne4 Bc5 17. Qd2 Bxe3 18. fxe3 Qc7 19. Be2 Rd8 20. Ng5 Nf8 21. Nxf7 Qxf7 22. c4 e5 23. Nh3 Qg6 24. Bd3 Qe6 25. Bc2 Ng6 26. cxd5 Rxd5 27. Qf2 Rf8 28. Qg3 Rc5 29. Kb1 e4 30. Bb3 Qf6 31. Qd6 Qxd6 32. Rxd6 Ne5 33. Nf4 Rf5 34. Ne6 Nd7 35. Nxc5 Nxc5 36. Be6+ Nxe6 37. Rxe6 Rf2 38. Rg1 1-0

[Event "GER-chT U16"]
[Site "Dittrichshuette"]
[Date "2004.12.28"]
[Round "3"]
[White "Senay, Baris"]
[Black "Schmidt, Armin"]
[Result "1/2-1/2"]
[WhiteElo "1278"]
[BlackElo "1791"]
[PlyCount "73"]
[EventDate "2004.12.27"]
[EventType "team"]
[EventRounds "6"]
[EventCountry "GER"]
[SourceTitle "EXT 2006"]
[Source "ChessBase"]
[SourceDate "2005.11.24"]
[SourceVersion "1"]
[SourceVersionDate "2005.11.24"]
[SourceQuality "1"]

1. e4 c6 2. d4 d5 3. Nc3 dxe4 4. Nxe4 Nd7 5. Bc4 e6 6. Nf3 Ngf6 7. Ng3 c5 8. c3 cxd4 9. Nxd4 a6 10. 0-0 Nb6 11. Bd3 Bd6 12. Be3 0-0 13. Qc2 Nbd5 14. Bd2 Nf4 15. Bxf4 Bxf4 16. Ne4 Nxe4 17. Bxe4 h6 18. Rad1 Qc7 19. h3 Rb8 20. Rfe1 b5 21. Ne2 Be5 22. Nd4 Bd7 23. Qd3 Rfd8 24. Qf3 Rdc8 25. Qe2 Bf6 26. Nf3 Be8 27. Rc1 Rb6 28. Red1 b4 29. c4 b3 30. c5 Rb4 31. a3 Rb5 32. c6 Rb6 33. Rd3 a5 34. Nd4 g6 35. Rdd1 Rcb8 36. a4 Bxd4 37. Rxd4 1/2-1/2